[Event "CZE-ch Seniors 65"]
[Site "Olomouc"]
[Date "2023.08.14"]
[Round "4"]
[White "Novotny, Jaroslav2222"]
[Black "Kulhavy, Frantisek"]
[Result "1/2-1/2"]
[WhiteElo "1919"]
[BlackElo "1801"]
[PlyCount "61"]
[EventDate "2023.08.12"]
[EventType "swiss"]
[EventRounds "9"]
[EventCountry "CZE"]
[SourceTitle "EXT 2024"]
[Source "ChessBase"]
[SourceDate "2023.10.10"]
[SourceVersion "1"]
[SourceVersionDate "2023.10.10"]
[SourceQuality "1"]

1. e4 c5 2. Nf3 e6 3. d4 cxd4 4. Nxd4 Nf6 5. Bd3 a6 6. 0-0 Qc7 7. Qe2 d6 8. c4 Nbd7 9. Nc3 Ne5 10. Bd2 Nxd3 11. Qxd3 b6 12. Rac1 Bb7 13. Rfe1 Nd7 14. b3 Be7 15. f4 Bf6 16. Na4 0-0 17. Nf3 Rad8 18. Be3 Nc5 19. Nxc5 dxc5 20. Qc2 Rd7 21. e5 Be7 22. Rcd1 Rfd8 23. Rxd7 Rxd7 24. Kf2 Qd8 25. Re2 Bh4+ 26. g3 Be7 27. Rd2 g6 28. Qd1 Rxd2+ 29. Qxd2 Qxd2+ 30. Nxd2 a5 31. Ke2 1/2-1/2

[Event "CZE-ch Seniors 65"]
[Site "Olomouc"]
[Date "2023.08.13"]
[Round "3"]
[White "Kulhavy, Frantisek"]
[Black "Dvorak, Vladimir"]
[Result "1/2-1/2"]
[WhiteElo "1801"]
[BlackElo "1864"]
[PlyCount "45"]
[EventDate "2023.08.12"]
[EventType "swiss"]
[EventRounds "9"]
[EventCountry "CZE"]
[SourceTitle "EXT 2024"]
[Source "ChessBase"]
[SourceDate "2023.10.10"]
[SourceVersion "1"]
[SourceVersionDate "2023.10.10"]
[SourceQuality "1"]

1. e4 e6 2. d4 d5 3. exd5 exd5 4. Nf3 Bd6 5. Be2 Ne7 6. 0-0 0-0 7. Nc3 c6 8. h3 Ng6 9. Bd3 Nd7 10. Ne2 Nf6 11. Be3 Qc7 12. Qc1 Nh5 13. Re1 Bd7 14. c4 dxc4 15. Bxc4 Rae8 16. Qc2 Nhf4 17. Ng5 Ne6 18. Bxe6 Bxe6 19. h4 f6 20. Nxe6 Rxe6 21. h5 Nh4 22. Qc4 Rfe8 23. Nc3 1/2-1/2